header

The holographic anthropic multiverse (Record no. 142110)

MARC details
000 -LEADER
fixed length control field 01493nam a2200361 a 4500
082 04 - DEWEY DECIMAL CLASSIFICATION NUMBER
Classification number 523.1
100 1# - MAIN ENTRY--AUTHOR NAME
Personal name Amoroso, Richard L.
245 14 - TITLE STATEMENT
Title The holographic anthropic multiverse
260 ## - PUBLICATION, DISTRIBUTION, ETC. (IMPRINT)
Place of publication Singapore ;
-- Hackensack, NJ :
Name of publisher World Scientific,
Year of publication c2009.
300 ## - PHYSICAL DESCRIPTION
Number of Pages xxii, 485 p. :
Other physical details ill.
490 1# - SERIES STATEMENT
Series statement K & E series on knots and everything ;
650 #0 - SUBJECT ADDED ENTRY--TOPICAL TERM
Topical Term Quantum cosmology.
Topical Term Anthropic principle.
Topical Term Supersymmetry.
700 1# - ADDED ENTRY--PERSONAL NAME
Personal name Rauscher, Elizabeth A.
856 40 - ELECTRONIC LOCATION AND ACCESS
Uniform Resource Identifier http://site.ebrary.com/lib/rucke/Doc?id=10422482

No items available.

© 2026 Rongo University
Contact us: librarian | system librarian | Rongo university